Southville International School and Colleges
Your cart is empty.
  • Cart
  • Lists
    Public lists Eva Luna New books Lux_list list_1
    Your lists Log in to create your own lists
  • Log in to your account
  • Your cookies
  • Search history
Southville International School and Colleges
  • Advanced search
  • Recent comments
  • Most popular
  • Libraries

Log in to your account

Log in with GOOGLE


If you do not have an external account, but do have a local account, you can still log in:

  1. Home
  2. MARC view: A history of modern psychology in context /
Normal view MARC view ISBD view

A history of modern psychology in context / (Record no. 276777)

[ view plain ]
MARC details
000 -LEADER
fixed length control field 01237cam a22003134a 4500
001 - CONTROL NUMBER
control field 15856242
003 - CONTROL NUMBER IDENTIFIER
control field PILC
005 - DATE AND TIME OF LATEST TRANSACTION
control field 20160216104807.0
008 - FIXED-LENGTH DATA ELEMENTS--GENERAL INFORMATION
fixed length control field 090806s2010 njua b 001 0 eng
010 ## - LIBRARY OF CONGRESS CONTROL NUMBER
LC control number 2009031711
020 ## - INTERNATIONAL STANDARD BOOK NUMBER
International Standard Book Number 9780470276099
040 ## - CATALOGING SOURCE
Original cataloging agency DLC
Transcribing agency DLC
Modifying agency DLC
050 00 - LIBRARY OF CONGRESS CALL NUMBER
Classification number BF 81
Item number .P48 2010
082 00 - DEWEY DECIMAL CLASSIFICATION NUMBER
Classification number 150.9
100 1# - MAIN ENTRY--PERSONAL NAME
Personal name Pickren, Wade E.
245 12 - TITLE STATEMENT
Title A history of modern psychology in context /
Statement of responsibility, etc Wade E. Pickren & Alexandra Rutherford.
260 ## - PUBLICATION, DISTRIBUTION, ETC. (IMPRINT)
Place of publication, distribution, etc Hoboken, N.J. :
Name of publisher, distributor, etc Wiley,
Date of publication, distribution, etc 2010.
300 ## - PHYSICAL DESCRIPTION
Extent xxv, 380 pages :
Other physical details illustrations ;
Dimensions 25 cm.
500 ## - GENERAL NOTE
General note Includes bibliographical references and index.
521 ## - TARGET AUDIENCE NOTE
Target audience note Psychology
650 #0 - SUBJECT ADDED ENTRY--TOPICAL TERM
Topical term or geographic name as entry element Psychology
General subdivision History.
700 1# - ADDED ENTRY--PERSONAL NAME
Personal name Rutherford, Alexandra,
Dates associated with a name 1971-
856 42 - ELECTRONIC LOCATION AND ACCESS
Materials specified Publisher description
Uniform Resource Identifier <a href="http://www.loc.gov/catdir/enhancements/fy0916/2009031711-d.html">http://www.loc.gov/catdir/enhancements/fy0916/2009031711-d.html</a>
856 41 - ELECTRONIC LOCATION AND ACCESS
Materials specified Table of contents only
Uniform Resource Identifier <a href="http://www.loc.gov/catdir/enhancements/fy0916/2009031711-t.html">http://www.loc.gov/catdir/enhancements/fy0916/2009031711-t.html</a>
856 42 - ELECTRONIC LOCATION AND ACCESS
Materials specified Contributor biographical information
Uniform Resource Identifier <a href="http://www.loc.gov/catdir/enhancements/fy1004/2009031711-b.html">http://www.loc.gov/catdir/enhancements/fy1004/2009031711-b.html</a>
906 ## - LOCAL DATA ELEMENT F, LDF (RLIN)
a 7
b cbc
c orignew
d 1
e ecip
f 20
g y-gencatlg
942 ## - ADDED ENTRY ELEMENTS (KOHA)
Source of classification or shelving scheme Library of Congress Classification
Koha item type Books
Call number prefix Foreign
Holdings
Withdrawn status Lost status Source of classification or shelving scheme Damaged status Home library Current library Shelving location Date acquired Source of acquisition Total Checkouts Full call number Barcode Date last seen Price effective from Koha item type
    Library of Congress Classification   College Library College Library General Circulation Section 11/10/2014 Library Fund   BF 81 .P48 2010 C18896 05/15/2018 11/10/2014 Books

A history of modern psychology in context /

APA

Pickren W. E., Rutherford A., . (2010). A history of modern psychology in context. Hoboken, N.J: Wiley.

Chicago

Pickren Wade E, Rutherford Alexandra, . 2010. A history of modern psychology in context. Hoboken, N.J: Wiley.

Harvard

Pickren W. E., Rutherford A., . (2010). A history of modern psychology in context. Hoboken, N.J: Wiley.

MLA

Pickren Wade E, Rutherford Alexandra, . A history of modern psychology in context. Hoboken, N.J: Wiley. 2010.

  • Place hold
  • Print
  • Cite
  • Add to your cart (remove)
  • Save record
    BIBTEX Dublin Core MARCXML MARC (non-Unicode/MARC-8) MARC (Unicode/UTF-8) MARC (Unicode/UTF-8, Standard) MODS (XML) RIS
  • More searches
    Search for this title in:
    Other Libraries (WorldCat) Other Databases (Google Scholar) Online Stores (Bookfinder.com) Open Library (openlibrary.org)

Exporting to Dublin Core...

SOUTHVILLE LIBRARY

Southville International School and Colleges Library

1281 Tropical Ave. Cor. Luxembourg St., BF Homes International, Las Pinas City

Tel. No. 8256374 / 252358 Loc. 117/146

Powered by Koha